| 000 | 00434nam a2200157Ia 4500 | ||
|---|---|---|---|
| 999 |
_c12006 _d12006 |
||
| 003 | OSt | ||
| 005 | 20200923103631.0 | ||
| 008 | 190216s9999||||xx |||||||||||||| ||und|| | ||
| 040 | _cOCLC | ||
| 082 |
_a808.2 _bLUC/T |
||
| 100 |
_aLucas F.L _94841 |
||
| 245 | 0 |
_aTragedy _cLucas F.L |
|
| 260 |
_bAllied publishers private ltd, _amadras : _c1957 |
||
| 300 | _a188p | ||
| 942 |
_cBK _2ddc _h808.2 _iLUC/T _k808.2 _mLUC/T |
||